Die Kirche San Francesco in Assisi und ihre Wandmalereien
Saved in:
| Main Author: | |
|---|---|
| Other Authors: | |
| Document Type: | Book |
| Language: | German |
| Published: |
München
: Hirmer
, 1985
|
| Subjects: | |
| Online Access: | Inhaltsverzeichnis Inhaltsverzeichnis |
| Related Items: | Rezensiert in:
[Rezension von: Joachim Poeschke, Die Kirche San Francesco in Assisi und ihre Wandmalereien] |
| Author Notes: | Joachim Poeschke. Mit Aufnahmen von Stefan Diller ... |
| LEADER | 04822cam a2200973 c 4500 | ||
|---|---|---|---|
| 001 | 1617565334 | ||
| 003 | DE-627 | ||
| 005 | 20251225200813.0 | ||
| 007 | tu | ||
| 008 | 850101s1985 gw ||||| 00| ||ger c | ||
| 010 | |a 86119706 | ||
| 015 | |a 86,A17,0879 |2 dnb | ||
| 016 | 7 | |a 850845289 |2 DE-101 | |
| 020 | |a 3777439800 |9 3-7774-3980-0 | ||
| 035 | |a (DE-627)1617565334 | ||
| 035 | |a (DE-603)245694595 | ||
| 035 | |a (DE-576)01000002X | ||
| 035 | |a (DE-599)BSZ01000002X | ||
| 035 | |a (OCoLC)844068402 | ||
| 035 | |a (OCoLC)230816067 | ||
| 035 | |a (OCoLC)844068402 | ||
| 035 | |a (OCoLC)13286879 | ||
| 035 | |a (AT-OBV)AC01247579 | ||
| 040 | |a DE-627 |b ger |c DE-627 |e rakwb | ||
| 041 | |a ger |k lat | ||
| 044 | |c XA-DE | ||
| 050 | 0 | |a NA5621.A777 | |
| 082 | 0 | |a 751.7/3/0945651 | |
| 084 | |a 46 |2 sdnb | ||
| 084 | |a 46 |2 sdnb | ||
| 084 | |a 46 |a 45 |2 sdnb | ||
| 084 | |a 9,10 |a 1 |2 ssgn | ||
| 084 | |a LN 17012 |2 rvk |0 (DE-625)rvk/101933:13313 | ||
| 084 | |a LN 17010 |2 rvk |0 (DE-625)rvk/101933:13311 | ||
| 084 | |a LN 83220 |2 rvk |0 (DE-625)rvk/102366: | ||
| 100 | 1 | |a Poeschke, Joachim |d 1945- |0 (DE-588)133729621 |0 (DE-627)552695971 |0 (DE-576)162580355 |4 aut | |
| 245 | 1 | 4 | |a Die Kirche San Francesco in Assisi und ihre Wandmalereien |c Joachim Poeschke. Mit Aufnahmen von Stefan Diller ... |
| 264 | 1 | |a München |b Hirmer |c 1985 | |
| 300 | |a 137, 304 S. |b überwiegend Ill. | ||
| 336 | |a Text |b txt |2 rdacontent | ||
| 337 | |a ohne Hilfsmittel zu benutzen |b n |2 rdamedia | ||
| 338 | |a Band |b nc |2 rdacarrier | ||
| 500 | |a Bibliography: p. 131-134 | ||
| 500 | |a Includes indexes | ||
| 583 | 1 | |a Massenentsäuerung nicht möglich |2 pdager |5 DE-H13 | |
| 583 | 1 | |a Archivierung/Langzeitarchivierung gewährleistet |f SSG |x XA-DE-BW |2 pdager |5 DE-21 | |
| 583 | 1 | |a Archivierung/Langzeitarchivierung gewährleistet |f SSG |x XA-DE-BW |2 pdager |5 DE-16 | |
| 650 | 0 | 7 | |0 (DE-588)4071463-9 |0 (DE-627)106097636 |0 (DE-576)209184043 |a Freskomalerei |2 gnd |
| 650 | 0 | 7 | |0 (DE-588)4064542-3 |0 (DE-627)106123068 |0 (DE-576)20915411X |a Wandmalerei |2 gnd |
| 651 | 7 | |0 (DE-588)4119785-9 |0 (DE-627)105781320 |0 (DE-576)20952961X |a San Francesco |g Assisi |2 gnd | |
| 653 | 0 | |a San Francesco (Church : Assisi, Italy) | |
| 653 | 0 | |a Assisi (Italy) |a Buildings, structures, etc | |
| 653 | 0 | |a Mural painting and decoration, Italian |a Italy |a Assisi | |
| 653 | 0 | |a Mural painting and decoration, Medieval |a Italy |a Assisi | |
| 655 | 7 | |a Bildband |0 (DE-588)4145395-5 |0 (DE-627)104450835 |0 (DE-576)209741139 |2 gnd-content | |
| 689 | 0 | 0 | |d g |0 (DE-588)4119785-9 |0 (DE-627)105781320 |0 (DE-576)20952961X |a San Francesco |g Assisi |2 gnd |
| 689 | 0 | |5 DE-101 | |
| 689 | 1 | 0 | |d g |0 (DE-588)4119785-9 |0 (DE-627)105781320 |0 (DE-576)20952961X |a San Francesco |g Assisi |2 gnd |
| 689 | 1 | 1 | |d s |0 (DE-588)4064542-3 |0 (DE-627)106123068 |0 (DE-576)20915411X |a Wandmalerei |2 gnd |
| 689 | 1 | |5 DE-101 | |
| 700 | 1 | |a Diller, Stefan |d 1959- |e Ill. |0 (DE-588)174200404 |0 (DE-627)675287944 |0 (DE-576)135030935 |4 ill | |
| 700 | 1 | |a Artini, Luigi |4 oth | |
| 700 | 1 | |a Ruf, Gerhard |c OFMConv |4 oth | |
| 787 | 0 | 8 | |i Rezensiert in |a Belting, Hans, 1935 - 2023 |t [Rezension von: Joachim Poeschke, Die Kirche San Francesco in Assisi und ihre Wandmalereien] |d Nürnberg : Carl, 1986 |w (DE-627)1694479838 |
| 856 | 4 | 2 | |u http://d-nb.info/850845289/04 |m V:DE-605 |q application/pdf |3 Inhaltsverzeichnis |7 1 |
| 856 | 4 | 2 | |u http://scans.hebis.de/HEBCGI/show.pl?24569459_toc.pdf |m V:DE-605;X:Imageware |q application/pdf |3 Inhaltsverzeichnis |7 1 |
| 889 | |w (DE-576)9024872693 | ||
| 889 | |w (DE-576)471046175 | ||
| 889 | |w (DE-627)11460990X | ||
| 889 | |w (DE-627)272903795 | ||
| 889 | |w (DE-627)024872695 | ||
| 889 | |w (DE-627)1954579608 | ||
| 935 | |i mdedup | ||
| 936 | r | v | |a LN 17012 |b Kirchen, Kathedralen |k Kunstgeschichte |k Kunst nach Ländern bzw. Kontinenten |k Italien |k Kunsttopografie Italiens |k Alphabetische Liste der italienischen Orte |k Orte A |k Assisi |k Kirchen, Kathedralen |0 (DE-627)1270880128 |0 (DE-625)rvk/101933:13313 |0 (DE-576)200880128 |
| 936 | r | v | |a LN 17010 |b Malerei (einschließlich Buchmalerei) |k Kunstgeschichte |k Kunst nach Ländern bzw. Kontinenten |k Italien |k Kunsttopografie Italiens |k Alphabetische Liste der italienischen Orte |k Orte A |k Assisi |k Kunstgeschichte |k Malerei (einschließlich Buchmalerei) |0 (DE-627)127173706X |0 (DE-625)rvk/101933:13311 |0 (DE-576)20173706X |
| 936 | r | v | |a LN 83220 |b Freskomalerei, Wandmalerei |k Kunstgeschichte |k Kunst nach Ländern bzw. Kontinenten |k Italien |k Italienische Kunstgeschichte nach Gattungen |k Malerei |k Materialien und Techniken einzelner Gattungen und ihre Geschichte |k Freskomalerei, Wandmalerei |0 (DE-627)1270879952 |0 (DE-625)rvk/102366: |0 (DE-576)200879952 |
| 936 | s | n | |a l300 |2 mzub |
| 936 | s | n | |a z210 |2 mzub |
| 951 | |a BO | ||
| 990 | |a San Francesco | ||
| 990 | |a San Francesco | ||
| 990 | |a Wandmalerei | ||
| 991 | |a Rezensiertes Werk | ||
| 999 | |a KXP-PPN1617565334 |e 4012416650 | ||


